Fuerza muscular /

Guardado en:
Autor Principal: Barnard, Christiaan
Formato: Deslizar
Series:El Cuerpo Viviente
Materias:
Etiquetas: Agregar Etiqueta
Sin Etiquetas, Sea el primero en etiquetar este registro!
LEADER 00988ngm a22002655g 4500
001 CEM.cems021708
008 130507b1992##################0###0#####d
005 20240904164748.0
245 1 0 |a Fuerza muscular /  |c Christiaan Barnard. 
300 |a 25 
490 0 |a El Cuerpo Viviente 
500 |a En soporte VHS, consultar en ventanilla. 
538 |a Soporte: VHS - Norma: Pal N - Color - Grabación DRD 1992 - Hitachi=5176. 
505 0 |a Tipos de músculos, distribución y capacidades. Fibras musculares. Movimientos. Músculos arteriales y del aparato digestivo. Riñones. Generación de energía. Alimentación. Músculos de la cara y cabeza. 
100 1 |a Barnard, Christiaan 
082 6 1 |/ BAR-4 
653 |a ANATOMIA 
653 |a FISIOLOGIA 
653 |a MUSCULOS 
653 |a ALIMENTACION 
653 |a BIOLOGIA 
653 |a RIÑONES 
653 |a APARATO DIGESTIVO 
653 |a NIVEL SECUNDARIO 
859 |a CEMS  |b BIB. CEMS - Depto. Recursos Didacticos  |h 611  |i BAR-4  |k DRD  |p 351.12  |t Ej.1